Εισαγωγή στη χρήση των Η/Υ
Αποθηκεύτηκε σε:
| Κύριος συγγραφέας: | |
|---|---|
| Μορφή: | Βιβλίο |
| Γλώσσα: | Greek |
| Δημοσίευση: |
Θεσσαλονίκη :
Τζιόλας,
2018.
|
| Θέματα: | |
| Ετικέτες: |
Προσθήκη ετικέτας
Δεν υπάρχουν, Καταχωρήστε ετικέτα πρώτοι!
|
MARC
| LEADER | 00000cam a2200000 a 4500 | ||
|---|---|---|---|
| 001 | 1/118640 | ||
| 008 | 190514s2018####gr | ||| |||| ||gre|| | ||
| 020 | |a 9789604185443 | ||
| 040 | |a GR-MyUa |b gre |c GR-MyUa |e AACR2 | ||
| 041 | 0 | |a gre | |
| 082 | 7 | |a 004.71 |2 (23) | |
| 100 | 1 | |a Δαγδιλέλης, Βασίλειος Ε. | |
| 245 | 1 | 0 | |a Εισαγωγή στη χρήση των Η/Υ / |c Βασίλειος Δαγδιλέλης, Γεώργιος Ευαγγελίδης, Μαρία Σατρατζέμη, Νικόλαος Φαχαντίδης. |
| 260 | |a Θεσσαλονίκη : |b Τζιόλας, |c 2018. | ||
| 300 | |a 846 σ. ; |c 25 εκ. | ||
| 630 | 0 | 0 | |a Microsoft Windows (Computer file) |
| 650 | 0 | |a Computer science. | |
| 650 | 0 | |a Computers. | |
| 852 | |a INST |b RHODES |c EUDOXUS |e 20190514 |h 004.71 ΔΑΓ |p 005400040717 |q 005400040717 |t EDX |y 0 | ||
| 852 | |a INST |b RHODES |c EUDOXUS |e 20200716 |h 004.71 ΔΑΓ |p 005400041591 |q 005400041591 |t EDX |y 0 | ||
| 920 | |a Εύδοξος |b Παραγγελία |y Ρόδος-ΤΕΠΑΕΣ |z 2020-07 | ||
| 920 | |a Εύδοξος |b Παραγγελία |y Ρόδος-ΤΕΠΑΕΣ |z 2019-05 | ||
| 970 | |a ΚΟΖΑ |b ΜΑΡΙΑ |z 14/05/2019 | ||